Rumuńskie miasta - nagła śmierć - Statystyki

Ogólne statystyki
  • Ten quiz został rozwiązany 47 razy
  • Średni wynik to 9 z 25
Answers on the Grid
Answers color-coded by a green-red scale on the quiz's grid according to % correct below.
Radowce
Czerniowce
Suczawa
Krajowa
Bychawa
Bukareszt
Budapeszt
Arad
Banat
Giurgiu
Tulcza
Vaslui
Dobrudża
Dobricz
Baia Mare
Debreczyn
Braszów
Maszów
Botoszany
Radoczany
Comănești
Covasna
Deva
Deta
Dej
Fokszany
Petroszany
Tykoszany
Gałacz
Świsłocz
Kimpulung Mołdawski
Mangalia
Miercurea-Ciuc
Mioveni
Orszowa
Wschowa
Kumanowo
Rymnik
Rybnik
Kiszyniów
 
Statystyki odpowiedzi
Odpowiedź % Poprawnych
Bukareszt
76%
Arad
61%
Baia Mare
61%
Comănești
61%
Gałacz
61%
Krajowa
61%
Botoszany
52%
Braszów
52%
Giurgiu
52%
Vaslui
52%
Miercurea-Ciuc
45%
Mioveni
36%
Petroszany
33%
Suczawa
33%
Tulcza
33%
Covasna
30%
Mangalia
24%
Orszowa
24%
Kimpulung Mołdawski
21%
Deta
18%
Fokszany
18%
Dej
15%
Deva
15%
Radowce
12%
Rymnik
0%
Nie znaleziono quizów pasujących do podanych kryteriów
Rozkład punktacji
Procent ludzi z każdym wynikiem
Percentyl według liczby udzielonych odpowiedzi
Twoja historia wyników
Nie rozwiązałeś tego quizu